000 00488nam a2200181Ia 4500
003 GCL
008 140319s9999 xx 000 0 ara d
040 _aGCL /
_cGCL
082 0 4 _aد
_b050
100 1 _aاحمد الشنتناوى
245 1 0 _aالحكماء الثلاثة(اقرا 123) /
_cاحمد الشنتناوى
300 _a155 ص
490 _aاقرأ
_v0
650 0 4 _aالبوذية
650 0 4 _aالزرادشتية
650 0 4 _aالمجوسية
942 _2ddc
_cBK
999 _c49073
_d49073